| 000 | 00957nam a2200241 u 4500 | ||
|---|---|---|---|
| 001 | 000741950 | ||
| 003 | AM-YeHGA | ||
| 005 | 20250617143409.0 | ||
| 008 | 100609s1969 |||| |||||||||||||rus d | ||
| 040 | _aAM-YeHGA | ||
| 041 | 0 | _arus | |
| 100 | 1 | _aЛаврецкий, Иосиф Ромуальдович | |
| 245 | 1 | 0 |
_aХуарес / _cИ.Р. Лаврецкий; Ред. М. Брухнов. |
| 260 |
_aМосква : _bМолодая гвардия, _c1969. |
||
| 300 |
_a224 стр. : _bилл., портр. ; _c22 см. |
||
| 440 | 0 |
_aЖизнь замечательных людей _pСерия биографий _vВып. 10 (470) |
|
| 600 | 1 | 4 |
_aХуарес, Бенито Пабло _d1806-1872 |
| 650 | 1 | 4 |
_aИстория _zМексика |
| 650 | 1 | 4 | _aГосударственные и политические деятели Мексики - 19 в. |
| 700 | 1 |
_aБрухнов, М. _eред. _4edt |
|
| 942 |
_2udc _cBK |
||
| 090 | _c276061 | ||
| 999 |
_c274417 _d274417 |
||